Największe miasta w województwie śląskim zawierające literę - Statystyki

Ogólne statystyki
  • Ten quiz został rozwiązany 212 razy
  • Średni wynik to 24 z 30
Statystyki odpowiedzi
Litera Miasto % Poprawnych
A Katowice
100%
C Katowice
100%
E Katowice
100%
I Katowice
100%
K Katowice
100%
O Katowice
100%
T Katowice
100%
W Katowice
100%
Ę Częstochowa
92%
H Częstochowa
92%
S Częstochowa
92%
Z Częstochowa
92%
G Gliwice
88%
L Gliwice
88%
N Sosnowiec
85%
R Zabrze
85%
B Bielsko-Biała
82%
Ł Bielsko-Biała
82%
M Bytom
79%
Y Bytom
79%
Ó Dąbrowa Górnicza
78%
Ż Żory
76%
J Jaworzno
74%
Ą Ruda Śląska
68%
D Ruda Śląska
68%
Ś Ruda Śląska
68%
U Ruda Śląska
68%
P Piekary Śląskie
60%
Ń Bieruń
29%
Ź Czeladź
29%
Nie znaleziono quizów pasujących do podanych kryteriów
Rozkład punktacji
Procent ludzi z każdym wynikiem
Percentyl według liczby udzielonych odpowiedzi
Twoja historia wyników
Nie rozwiązałeś tego quizu